000 00487nam a2200181Ia 4500
001 17095
005 20260306170400.0
008 260306t2013||||xx |||||||||||||| ||und||
041 _aESP
082 _a657.452
_bI59
100 _aInstituto Mexicano de Contadores Públicos
_eAUT
245 0 _aModelos de dictámenes:
_by otras opiniones e informes del auditor
260 _c2013
300 _a255 páginas :
_c22 cm.
650 _aGEN
654 _aCCO
942 _cLIB
_dJUS
_fJUS
_2ddc
_n
999 _c17095
_d17095